00472nam a2200169 a 4500001001300000003000900013005001700022008004100039020002200080082001500102100001700117245006900134260004300203300000900246500003500255650001200290nice12345678IN_TiNIC20260116014926.0130520s1986 lona grp 000 0 eng  a0232516782 c8000a242.8bALL aAllchin, A M aThreshold of Lightb Prayers & Praises from the Celtic Tradition aLondon bDarton, Longman & Todd c1986 a74p  aincludes index and biblioraphy aPrayers